000 00470nam a22001817a 4500
003 CEME
005 20210628202010.0
008 210129b xxu||||| |||| 00| 0 eng d
020 _a0-84135-019-2
040 _c.
082 _a823.008 BLY
100 _aBlyton, Enid
_911689
245 _aThe tale of bushy the fox and other stories
260 _aLONDON
_bAWARD PUBLICATION
_c2003
300 _a191
650 _aENGLISH LITERATURE- STORIES
_91860
942 _cBK
_2ddc
999 _c568055
_d568055